Polemos jako odpověď Carla Schmitta na krizy modernity

Využitie politickej teoĺogie ako sociológie politických pojmov v určení miesta Carla Shcmitta. Vzťah politickej filozofie a politickej teológie.

Guardado en:
Detalles Bibliográficos
Autor principal: Slováček, Petr
Formato: Capítulo de libro
Lenguaje:checo
Materias:
Etiquetas: Agregar Etiqueta
Sin Etiquetas, Sea el primero en etiquetar este registro!

MARC

LEADER 00000naa a2200000 4500
001 0242298
005 20180424142812.0
041 0 |a cze 
044 |a SK 
245 1 0 |a Polemos jako odpověď Carla Schmitta na krizy modernity  |c Petr Slováček 
520 |a Využitie politickej teoĺogie ako sociológie politických pojmov v určení miesta Carla Shcmitta. Vzťah politickej filozofie a politickej teológie. 
610 2 0 |a filozofia 
610 2 0 |a teológia 
610 2 0 |a politika 
610 2 0 |a pojmy 
610 2 0 |a sociológia 
100 1 |a Slováček, Petr